2 minutes notice - Helluva Boss lyrics - Statistics

General Stats
  • This quiz has been taken 106 times
  • The average score is 184 of 341
Answer Stats
Hint Answer % Correct
you!
100%
you
100%
you!"
100%
you.
100%
you,
100%
Fizz: You
100%
a
95%
A!
95%
Fizz: I
95%
Fuck
90%
"Fuck
90%
fuck
90%
have
90%
Have
90%
my
90%
time.
85%
Time
85%
to
85%
was
85%
it
82%
It
82%
it.
82%
it,
82%
say
79%
Say
79%
wasted
79%
of
77%
the
77%
The
77%
So,
74%
your
74%
on
69%
won
69%
goodbye,
67%
me.
67%
me
67%
me,
67%
hear
64%
last
64%
seen
64%
about.
62%
about
62%
all.
62%
and
62%
And
62%
bought
62%
doll.
62%
one
62%
Suffered
62%
suffered
62%
thing
62%
abuse.
59%
ever
59%
in
59%
I've
59%
life
59%
use.
59%
what
59%
what?
59%
here
56%
Asmodeus: It's
56%
minutes
56%
notice.
56%
quit
56%
They
56%
two
56%
bitch!
54%
game.
54%
lifetime
54%
part
54%
With
54%
with
54%
every
51%
lost
51%
name.
51%
played
51%
this
51%
at
49%
bitches
49%
defeat.
49%
myself.
49%
roses.
49%
screamed
49%
shit.
49%
shit
49%
shit!
49%
some
49%
Wonder
49%
am
46%
ay
46%
ay.
46%
feet.
46%
feet
46%
Here's
46%
left
46%
Now
46%
smell
46%
sold
46%
standing
46%
top
46%
world.
46%
is
44%
They've
44%
worshipped
44%
for
41%
got
41%
look
41%
be
38%
eye
38%
packaged
38%
while
38%
day.
36%
Been
33%
song.
33%
taken
33%
profit
31%
Mammon: Wait,
31%
crushed
28%
Fizz: Suck
28%
tired
28%
ass
26%
enough
26%
fame.
26%
fortune
26%
heel.
26%
Mammon: Interesting
26%
Made
26%
seized
26%
under
26%
calls.
23%
could
23%
had
23%
Kiss
23%
suckered
23%
wall.
23%
I'm
21%
taking
21%
too
21%
ends
18%
Fizz: Fuckity
18%
fuckity
18%
hit
18%
late
18%
Mammon
18%
steal.
18%
there's
18%
today.
18%
apologize!
15%
Fizz + crowd: Did
15%
gonna
15%
just
15%
sack
15%
that
15%
think
15%
wish
15%
you're
15%
Fizz: You're
15%
die.
13%
fist
13%
Hope
13%
I'd
13%
If
13%
really
13%
sooner.
13%
stay?
13%
boss
10%
felt
10%
fucking
10%
let
10%
like
10%
more
10%
sad
10%
said
10%
sick
10%
Spending
10%
cuck.
8%
Cut
8%
obeyin'?
8%
off,
8%
over
8%
same
8%
same,
8%
work
8%
ya
8%
anger
5%
around,
5%
bent
5%
brewin'?
5%
clown.
5%
doing.
5%
fuckhead
5%
ground!
5%
I'll
5%
never
5%
oh
5%
oh!
5%
six
5%
Slander
5%
stick
5%
town.
5%
tumor.
5%
Eatin'
3%
greedy
3%
Fizz: Woah
3%
Yeah!
3%
bastard.
0%
everyday
0%
No matching quizzes found
Score Distribution
Percent of People with Each Score
Percentile by Number Answered
Your Score History
You have not taken this quiz